000 00485nam a2200169Ia 4500
999 _c30002
_d30002
003 OSt
005 20201208110952.0
008 190216s9999||||xx |||||||||||||| ||und||
040 _coclc
082 _a894.8124
_bKAR/V
100 _aKarassery, M N
_91986
245 0 _aVisappinte Athmeeyatha /
_cM N Karassery
260 _bLipi Publications,
_c2012.
_aKozhikode:
300 _a112p
650 _aLekhanam
942 _cBK
_2ddc
_h894.8124
_iKAR/V
_k894.8124
_mKAR/V